Responses for show #5916 - Monday, May 10, 2010

2010 Tournament of Champions quarterfinal game 1.

Contestants

[<< previous game]

Patrick Tucker, a graduate student of public policy from St. Louis, Missouri

Liz Murphy, a foreign service officer originally from Scranton, Pennsylvania

Ryan Chaffee, a tutor from Los Angeles, California

[next game >>]

Jeopardy! Round responses

NONFICTION
TV SHOWS BY GROUPS
WHOSE DISH IS IT ANYWAY?
4 SCORE & 7
"TOC"
A VISIT TO ANTARCTICA
(Sarah: ...with Lindblad National Geographic naturalist, Tom Ritchie.) (Tom Ritchie: We'll delve into the world's most remarkable environment.)
    $200 2
(Alex: Yes, "Deep Throat".)

Mark Felt

Patrick
    $200 15
The Simpsons

Patrick
    $200 14
Benedict

Patrick
    $200 13
a sonnet

Liz
    $200 1
an aristocracy

Patrick
    $200 12
Sir Francis Drake

Triple Stumper
    $400 3
Nabokov

Ryan
    $400 16
Glee

Ryan
    $400 23
(Patrick: What is flambé?)

Foster

LizPatrick
    $400 19
a Psalm

Ryan
    $400 4
(Liz: Uh, what... is... a... [buzzer sounds])

a stockade

RyanLiz
    $400 10
(Patrick: What is drift?)

calving

Patrick
Triple Stumper
    $600 6
Hawking

Liz
    $600 11
Monty Python

Triple Stumper
    $600 24
Wellington

Liz
    $600 20
cricket

Triple Stumper
    $600 5
[Patrick snickers after delivering his response.]

the buttocks

Patrick
    $600 27
a toboggan

Liz
    $1,000 7
(Alex: Sally Hemings.)

Monticello

Liz
    $800 17
(Alex: Oh, you're all too young to remember [*]. Ryan, you knew that.)

The Honeymooners

Triple Stumper
    $800 25
Charlotte

Liz
    $800 21
atomic number

Ryan
    $800 9
the stock exchange

Liz
    $800 28
(James) Weddell

Liz
    $1000 8
Zone

Patrick
    $1000 30
Sons of Anarchy

Triple Stumper
    $1000 26
John

Liz
    $1000 22
an asteroid

Liz
    $1000 18
motocross

Triple Stumper
    $1000 29
(Ryan: What is a fuming vent?)
(Alex: No. You're on the right track, but it's called a [*].)

fumarole

Ryan
Triple Stumper

Scores at the first commercial break (after clue 13):

Ryan Liz Patrick
$800 $2,200 $1,600

Scores at the end of the Jeopardy! Round:

Ryan Liz Patrick
$1,400 $7,400 $1,600

Double Jeopardy! Round responses

BAYS
DIRECTORS & THEIR FILMS
CARRIAGES
LET'S GET DRESSED IN THE 1920s
INTERNATIONAL ORGS.
11-LETTER WORDS
    $400 16
the Bay of Bengal

Liz
    $400 6
Cabaret

Ryan
    $400 26
(Patrick: What is a Berliner?)
[Initially ruled correct; reversed before Final Jeopardy!]

a Berlin carriage

Patrick
Triple Stumper
    $400 1
(Coco) Chanel

Liz
    $400 17
Independent States

Ryan
    $400 13
spontaneous

Liz
    $800 8
Scotland

Liz
    $800 2
The Pink Panther

Patrick
    $800 27
a chaise

Ryan
    $800 7
tennis

Liz
    $800 11
Arab

Patrick
    $800 18
trustworthy

Liz
    $1200 9
Tokyo Bay

Triple Stumper
    $1200 3
(Mike) Nichols

Ryan
    $1200 28
a gig

Ryan
    $1200 20
a fez

Liz
    $1200 12
Southeast Asian

Ryan
    $1200 23
necrophobia

Ryan
    $3,200 10
[Alex reads "N.B." as "New Brunswick" when delivering the clue.]

the Bay of Fundy

Liz
    $1600 4
John Ford

Patrick
    $1600 29
the Hansom carriage

Triple Stumper
    $1600 21
knickers

Triple Stumper
    $2,000 14
the Black Sea

Liz
    $1600 24
fluorescent

Triple Stumper
    $2000 15
the Sinai

Ryan
    $2000 5
(Patrick: Who is Minnelli?)

Victor Fleming

Patrick
Triple Stumper
    $2000 30
Brougham

Triple Stumper
    $2000 22
Ferragamo

Triple Stumper
    $2000 19
(Patrick: What are Non-Aligned... Members?)

the Non-Aligned Movement

Patrick
Triple Stumper
    $2000 25
(Ryan: What is a topographist?)

topographer

RyanPatrick

Scores at the end of the Double Jeopardy! Round:

Ryan Liz Patrick
$7,800 $17,400 $2,400
(lock game)

Final Jeopardy! Round responses

ENGLISH LITERARY HISTORY
(Alex: [To Patrick] Yes, for James.)
PatrickWhat is Jacobean?
$2,300
RyanWhat is Elizabethan?
$6,000
LizWhat is the Augustan?
$0
Jacobean

Final scores:

Ryan Liz Patrick
$1,800 $17,400 $4,700
3rd place: $5,000 if eliminated Automatic semifinalist 2nd place: $5,000 if eliminated

Game dynamics:

Coryat scores:

Ryan Liz Patrick
$7,800 $15,200 $2,400
13 R,
2 W
20 R
(including 3 DDs),
1 W
10 R,
5 W

Combined Coryat: $25,400

The J! Archive is created by fans, for fans. The Jeopardy! game show and all elements thereof, including but not limited to copyright and trademark thereto, are the property of Jeopardy Productions, Inc. and are protected under law. This website is not affiliated with, sponsored by, or operated by Jeopardy Productions, Inc. Join the discussion at JBoard.tv.